000 01097nam a22003017a 4500
001 0074
003 DO-SdBNP
005 20170914150253.0
007 0074
008 150930b sp 2007 xxu||||| |||| 00| 0 spa d
020 _a8482592904
040 _aBPMSU
_bspa
_cBPMSU
082 _aR 463.21
_bD545i
245 _aDiccionario Inglés-Español Español-Inglés.
_ccompilador Ricard Jordana Puigpinós y Paul J. Chamberlain; con la colaboración de Monserrat Dejuán... [et al.]
260 _aBarcelona :
_bAlfa Nauta,
_c2007
300 _a188 p. ;
_c28 cm.
490 1 0 _aAlfa nauta
505 _8Contiene abreviaturas, tabla de símbolos fonéticos, notas para el uso del diccionario, diccionario inglés-español, diccionario español-inglés.
650 _a ESPAÑOL
_xDICCIONARIOS
_xINGLÉS
650 _aINGLÉS
_xDICCIONARIOS
_xESPAÑOL
700 _aChamberlain, Paul J.
700 _a Jordana Puigpinós, Ricard.
700 _aDejuán, Monserrat
942 _2ddc
_cBK
945 _aInventariado /2017 VM
956 _aBrenda Tavárez
956 _aValidado. Control de calidad MFF
999 _c8313
_d8313